<?xml version="1.0" encoding="UTF-8"?>
<collection xmlns="http://www.loc.gov/MARC21/slim">
    <record>
        <controlfield tag="001">75615</controlfield>
        <controlfield tag="005">20200415131418.0</controlfield>
        <datafield tag="024" ind1="7" ind2=" ">
            <subfield code="2">doi</subfield>
            <subfield code="a">10.6018/reifop/20.1.213181</subfield>
        </datafield>
        <datafield tag="024" ind1="8" ind2=" ">
            <subfield code="2">sideral</subfield>
            <subfield code="a">105125</subfield>
        </datafield>
        <datafield tag="037" ind1=" " ind2=" ">
            <subfield code="a">ART-2017-105125</subfield>
        </datafield>
        <datafield tag="041" ind1=" " ind2=" ">
            <subfield code="a">spa</subfield>
        </datafield>
        <datafield tag="100" ind1=" " ind2=" ">
            <subfield code="0">(orcid)0000-0003-2206-2299</subfield>
            <subfield code="a">Vázquez Toledo, S.</subfield>
            <subfield code="u">Universidad de Zaragoza</subfield>
        </datafield>
        <datafield tag="245" ind1=" " ind2=" ">
            <subfield code="a">Recreos Cooperativos e Inclusivos a través de la metodología de Aprendizaje-Servicio</subfield>
        </datafield>
        <datafield tag="260" ind1=" " ind2=" ">
            <subfield code="c">2017</subfield>
        </datafield>
        <datafield tag="506" ind1="0" ind2=" ">
            <subfield code="a">Access copy available to the general public</subfield>
            <subfield code="f">Unrestricted</subfield>
        </datafield>
        <datafield tag="520" ind1="3" ind2=" ">
            <subfield code="a">Este artículo presenta una experiencia de aprendizaje-servicio llevada a cabo por la Facultad de Ciencias Humanas y de la Educación de Huesca. Dicha experiencia se ha materializado en un proyecto denominado Recreos cooperativos e inclusivos, cuya repercusión es trascendente puesto que se está implementando en siete centros públicos de la etapa de Educación Infantil y Primaria de la ciudad de Huesca. A partir de la misma hemos podido constatar como los estudiantes de Magisterio desarrollan competencias transversales del Grado, al mismo tiempo que brindan un servicio en el entorno próximo, mejorando las interacciones que se establecen en los recreos entre los niños de primaria y disminuyendo la exclusión social así como las dinámicas segregacionistas y marginadoras que se ponían de manifiesto en los recreos.

This paper presents a service-learning experience conducted at the Faculty of Humanities and Education at the University of Zaragoza. This experience has resulted in a project called cooperative and inclusive breaks, whose impact is important because it is being carried out in almost all public schools in the Pre-School and Primary Education of the City of Huesca. In this project we have seen how students of the Teacher Degree have developed cross skills of the Degree, while they have provided a service in the immediate environment by 1) improving the interactions established during breaks between elementary school children and 2) reducing social exclusion and marginalizing dynamics that occur during breaks</subfield>
        </datafield>
        <datafield tag="540" ind1=" " ind2=" ">
            <subfield code="9">info:eu-repo/semantics/openAccess</subfield>
            <subfield code="a">by-nc-nd</subfield>
            <subfield code="u">http://creativecommons.org/licenses/by-nc-nd/3.0/es/</subfield>
        </datafield>
        <datafield tag="655" ind1=" " ind2="4">
            <subfield code="a">info:eu-repo/semantics/article</subfield>
            <subfield code="v">info:eu-repo/semantics/publishedVersion</subfield>
        </datafield>
        <datafield tag="700" ind1=" " ind2=" ">
            <subfield code="0">(orcid)0000-0002-9685-8399</subfield>
            <subfield code="a">Liesa Orús, M.</subfield>
            <subfield code="u">Universidad de Zaragoza</subfield>
        </datafield>
        <datafield tag="700" ind1=" " ind2=" ">
            <subfield code="0">(orcid)0000-0002-4308-6460</subfield>
            <subfield code="a">Lozano Roy, A.</subfield>
            <subfield code="u">Universidad de Zaragoza</subfield>
        </datafield>
        <datafield tag="710" ind1="2" ind2=" ">
            <subfield code="1">2006</subfield>
            <subfield code="2">200</subfield>
            <subfield code="a">Universidad de Zaragoza</subfield>
            <subfield code="b">Dpto. Matemáticas</subfield>
            <subfield code="c">Área Didáctica Matemática</subfield>
        </datafield>
        <datafield tag="710" ind1="2" ind2=" ">
            <subfield code="1">4001</subfield>
            <subfield code="2">215</subfield>
            <subfield code="a">Universidad de Zaragoza</subfield>
            <subfield code="b">Dpto. Ciencias de la Educación</subfield>
            <subfield code="c">Área Didáctica y Organiz. Esc.</subfield>
        </datafield>
        <datafield tag="773" ind1=" " ind2=" ">
            <subfield code="g">20, 1 (2017), 173-185</subfield>
            <subfield code="p">Rev. interuniv. form. profr.</subfield>
            <subfield code="t">REVISTA INTERUNIVERSITARIA DE FORMACION DEL PROFESORADO</subfield>
            <subfield code="x">1575-0965</subfield>
        </datafield>
        <datafield tag="856" ind1="4" ind2=" ">
            <subfield code="s">159105</subfield>
            <subfield code="u">http://zaguan.unizar.es/record/75615/files/texto_completo.pdf</subfield>
            <subfield code="y">Versión publicada</subfield>
        </datafield>
        <datafield tag="856" ind1="4" ind2=" ">
            <subfield code="s">60881</subfield>
            <subfield code="u">http://zaguan.unizar.es/record/75615/files/texto_completo.jpg?subformat=icon</subfield>
            <subfield code="x">icon</subfield>
            <subfield code="y">Versión publicada</subfield>
        </datafield>
        <datafield tag="909" ind1="C" ind2="O">
            <subfield code="o">oai:zaguan.unizar.es:75615</subfield>
            <subfield code="p">articulos</subfield>
            <subfield code="p">driver</subfield>
        </datafield>
        <datafield tag="951" ind1=" " ind2=" ">
            <subfield code="a">2020-04-15-13:06:58</subfield>
        </datafield>
        <datafield tag="980" ind1=" " ind2=" ">
            <subfield code="a">ARTICLE</subfield>
        </datafield>
    </record>

    
</collection>